000 00349nam a2200133Ia 4500
008 240624s9999 xx 000 0 und d
041 _aeng
082 _a658.456 LEN
100 _aLENCIONI PATRICK
245 _aDEATH BY MEETING A LEADERSHIP FABLE
260 _c2006
_aNew Delhi
_bWiley India
300 _aix, : 260 : p. : cm. ; 22
365 _c
_b30
999 _c16307
_d16307